<?xml version="1.0" encoding="UTF-8"?>
<marc:record xmlns:marc="http://www.loc.gov/MARC21/slim">
   <marc:leader>00000nam a2200000 a 4500</marc:leader>
   <marc:datafield ind1="1" ind2=" " tag="100">
      <marc:subfield code="a">Kodachi, Ukyō</marc:subfield>
      <marc:subfield code="4">aut</marc:subfield>
      <marc:subfield code="e">Verfasser/-in</marc:subfield>
   </marc:datafield>
   <marc:datafield ind1=" " ind2=" " tag="653">
      <marc:subfield code="a">Manga</marc:subfield>
   </marc:datafield>
   <marc:datafield ind1="0" ind2="0" tag="245">
      <marc:subfield code="a">Boruto - Naruto Next Generation 13</marc:subfield>
   </marc:datafield>
   <marc:datafield ind1="0" ind2="0" tag="245">
      <marc:subfield code="b">das Opfer</marc:subfield>
   </marc:datafield>
   <marc:datafield ind1="0" ind2="0" tag="245">
      <marc:subfield code="c">Kodachi, Ukyō</marc:subfield>
   </marc:datafield>
   <marc:datafield ind1=" " ind2="1" tag="264">
      <marc:subfield code="a">Hamburg</marc:subfield>
      <marc:subfield code="b">Carlsen Manga!</marc:subfield>
      <marc:subfield code="c">2022</marc:subfield>
   </marc:datafield>
   <marc:datafield ind1="1" ind2=" " tag="490">
      <marc:subfield code="a">Boruto - Naruto Next Generation</marc:subfield>
      <marc:subfield code="v">Bd. 13</marc:subfield>
   </marc:datafield>
   <marc:datafield ind1=" " ind2=" " tag="250">
      <marc:subfield code="a">1. Aufl.</marc:subfield>
   </marc:datafield>
   <marc:datafield ind1="1" ind2=" " tag="520">
      <marc:subfield code="a">Die Ninja-Abenteuer gehen in die nächste Runde! &#xD;
&#xD;
Im Kampf gegen Kashin Koji zeigt Isshiki Otsutsuki endlich seine wahre Gestalt. Da der Otsutsuki Kawaki als Gefäß für sein Wiederaufl eben braucht und ihm wieder ein Kama einprägen will, greift er Konoha an. Naruto und Sasuke stellen sich ihm entgegen – obwohl sie gegen diesen übermächtigen Gegner kaum eine Chance haben. Und wie entscheidet sich Boruto…?!&#xD;
&#xD;
Der Spin-off-Manga zum Mega-Bestseller aus Japan! Perfekt für Fans von »Dragon Ball«, »Samurai8« und »Seven Deadly Sins«!   &#xD;
&#xD;
Weitere Infos: &#xD;
- empfohlen ab 10 Jahren &#xD;
- ab 2021 mit Naruto-Schöpfer Masashi Kishimoto als Autor &#xD;
- Anime-Stream u. a. auf Crunchyroll &#xD;
- Anime-DVD/Blu-ray von KSM Anime&#xD;
- Abgeschlossen in 20 Bänden, die Geschichte wird in "Boruto - Two Blue Vortex" fortgesetzt&#xD;
&#xD;
 </marc:subfield>
   </marc:datafield>
   <marc:datafield ind1=" " ind2=" " tag="020">
      <marc:subfield code="a">9783551778475</marc:subfield>
      <marc:subfield code="9">9783551778475</marc:subfield>
   </marc:datafield>
   <marc:datafield ind1=" " ind2=" " tag="020">
      <marc:subfield code="a">3551778477</marc:subfield>
      <marc:subfield code="9">3551778477</marc:subfield>
   </marc:datafield>
   <marc:datafield ind1=" " ind2=" " tag="041">
      <marc:subfield code="a">ger</marc:subfield>
   </marc:datafield>
   <marc:datafield ind1="0" ind2=" " tag="490">
      <marc:subfield code="v">Bd. 13</marc:subfield>
   </marc:datafield>
   <marc:datafield ind1=" " ind2=" " tag="338">
      <marc:subfield code="a">Band</marc:subfield>
   </marc:datafield>
   <marc:datafield ind1=" " ind2=" " tag="300">
      <marc:subfield code="a">171 Seiten</marc:subfield>
   </marc:datafield>
</marc:record>
